Estatísticas para Países que começam com N

Clique aqui para jogar o quiz

Estatísticas Gerais

  • Esse quiz foi jogado 52 vezes
  • A pontuação média é 5 de 8

Estatísticas das Respostas

HintResposta% Correto
5.Nicarágua
87%
1.Noruega
87%
4.Nepal
81%
2.Namíbia
72%
8.Nova Zelândia
70%
6.Níger
68%
7.Nigéria
68%
3.Naurau
0%

Distribuição das Pontuações

Percentil de Números Respondidos

Porcentagem de Pessoas com Cada Pontuação

Sua Pontuação Histórica

Você não jogou esse quiz